00470nam a22001457a 450000500170000000800410001702000180005804000140007604100060009008200170009624501070011326000310022030000490025170000240030020231106130319.0231106b sa ||||| |||| 00| 0 eng d a9781770071995 ardac3228 2E a591.968 WILD aThe wildlife of Southern Africa: the larger illustrated guide to the animals and plants of the region/ aCape Town:bStruik,c2008. a310 pages:bmaps, color illustration;c24cm. aCarruthers, Vincent